Hazardous materials and buildings (Record no. 104544)
[ view plain ]
| 000 -LEADER | |
|---|---|
| fixed length control field | 01324cam a2200277 4500 |
| 001 - CONTROL NUMBER | |
| control field | ##E130731 |
| 008 - FIXED-LENGTH DATA ELEMENTS--GENERAL INFORMATION | |
| fixed length control field | 050826n2005 000 0 eng u |
| 020 ## - INTERNATIONAL STANDARD BOOK NUMBER | |
| International Standard Book Number | 1904388353 |
| 035 ## - SYSTEM CONTROL NUMBER | |
| System control number | (Sirsi) u130731 |
| 041 0# - LANGUAGE CODE | |
| Language code of text/sound track or separate title | eng |
| 100 1# - MAIN ENTRY--PERSONAL NAME | |
| Personal name | Meaden, David |
| 245 ## - TITLE STATEMENT | |
| Title | Hazardous materials and buildings |
| Remainder of title | a CPD study pack |
| 250 ## - EDITION STATEMENT | |
| Edition statement | 3rd ed. |
| 260 ## - PUBLICATION, DISTRIBUTION, ETC. | |
| Place of publication, distribution, etc. | Reading |
| Name of publisher, distributor, etc. | College of Estate Management |
| Date of publication, distribution, etc. | 2005 |
| 300 ## - PHYSICAL DESCRIPTION | |
| Extent | 68p. |
| Dimensions | 30cm. + 1 audio CD (ca. 60 min.) |
| 350 ## - PRICE (NR) (BK AM CF MU VM SE) [OBSOLETE] | |
| Price | 51 |
| 490 ## - SERIES STATEMENT | |
| Series statement | College of Estate Management CPD Study Pack |
| 520 ## - SUMMARY, ETC. | |
| Summary, etc. | This pack considers hazardous building materials which impact on human health or are in some way a hazard to the integrity of buildings. Hazardous building materials are considered under the headings of health risks, occurrence, and appraisal and management. The pack continues by examining hazardous materials in the context of dilapidations and provides guidance on risk assessment. References to legislation and links to sources of further information are given. |
| 520 ## - SUMMARY, ETC. | |
| Summary, etc. | Accompanied by audio CD "Hazardous materials in buildings". |
| 520 ## - SUMMARY, ETC. | |
| Summary, etc. | Supersedes second edition (ISBN 1899769692) |
| 590 ## - LOCAL NOTE (RLIN) | |
| Local note | IKA270905 |
| 690 ## - LOCAL SUBJECT ADDED ENTRY--TOPICAL TERM (OCLC, RLIN) | |
| Topical term or geographic name as entry element | MANAGEMENT-HEALTH AND SAFETY-HAZARDOUS SUBSTANCES |
| 710 2# - ADDED ENTRY--CORPORATE NAME | |
| Corporate name or jurisdiction name as entry element | College of Estate Management |
| 9 (RLIN) | 400 |
| 942 ## - ADDED ENTRY ELEMENTS (KOHA) | |
| Suppress in OPAC | 0 |
| Withdrawn status | Lost status | Source of classification or shelving scheme | Damaged status | Not for loan | Home library | Current library | Shelving location | Date acquired | Cost, normal purchase price | Total Checkouts | Full call number | Barcode | Date last seen | Date last checked out | Copy number | Cost, replacement price | Price effective from | Koha item type |
|---|---|---|---|---|---|---|---|---|---|---|---|---|---|---|---|---|---|---|
| Dewey Decimal Classification | London | London | Enquiry desk | 15/11/2005 | 50.94 | 34 | BASEMENT 6 | 30071359 | 06/08/2019 | 22/01/2010 | 1 | 50.94 | 06/08/2019 | Audio | ||||
| Dewey Decimal Classification | London | London | Enquiry desk | 15/11/2005 | 50.93 | 26 | BASEMENT 6 | 30071361 | 06/08/2019 | 06/01/2010 | 4 | 50.93 | 06/08/2019 | Audio |